[Event "ODJM A 2015"]
[Site "Willingen GER"]
[Date "2015.05.28"]
[Round "7"]
[White "Steingräber, Kai Uwe"]
[Black "Poetsch, Hagen"]
[Result "0-1"]
[Termination "normal"]
[Board "1"]
[BlackTitle "IM"]
[WhiteElo "2195"]
[BlackElo "2481"]
[WhiteClock "00:13:05"]
[BlackClock "00:29:28"]
[PlyCount "54"]
[WhiteFideId "1271602"]
[BlackFideId "24615137"]
[EventCountry "GER"]
[EventRounds "9"]
[EventType "swiss"]
[EventDate "2015.05.23"]

1. d4 Nf6 2. Nf3 b6 3. Bf4 Bb7 4. e3 g6 5. h3 Bg7 6. c3 O-O 7. Nbd2 d6 8. a4 a6
9. Be2 Nbd7 10. O-O Re8 11. Nc4 Ne4 12. Bh2 e5 13. Qb3 Ng5 14. Ncd2 Ne6 15.
dxe5 dxe5 16. Rfd1 Qe7 17. Qc2 Rad8 18. Nc4 Nec5 19. b4 Ne4 20. Ncd2 Nd6 21.
Qb3 e4 22. Nd4 Ne5 23. Nc4 Bd5 24. Bxe5 Bxe5 25. Qa2 Bxd4 26. Rxd4 Qe6 27. Qd2
Bxc4 0-1

[Event "ODJM A 2015"]
[Site "Willingen GER"]
[Date "2015.05.28"]
[Round "7"]
[White "Zahn, Benno"]
[Black "Meißner, Felix"]
[Result "0-1"]
[Termination "normal"]
[Board "2"]
[BlackTitle "FM"]
[WhiteElo "2056"]
[BlackElo "2268"]
[WhiteClock "00:00:36"]
[BlackClock "00:13:07"]
[PlyCount "78"]
[WhiteFideId "24636070"]
[BlackFideId "24671827"]
[EventCountry "GER"]
[EventRounds "9"]
[EventType "swiss"]
[EventDate "2015.05.23"]

1. e4 c5 2. Nf3 d6 3. d4 cxd4 4. Nxd4 Nf6 5. Nc3 a6 6. Bg5 Nbd7 7. f4 Qc7 8. g4
h6 9. Bxf6 Nxf6 10. h3 e5 11. Nf5 Bxf5 12. gxf5 Be7 13. Qf3 exf4 14. O-O-O Qc5
15. Qxf4 O-O 16. h4 Rac8 17. Rh2 Kh7 18. Rg2 Rc7 19. Bd3 Qa5 20. Rdg1 Rg8 21.
Qd2 Qe5 22. Kb1 b5 23. Qe2 Rxc3 24. bxc3 Nd7 25. f6 Nxf6 26. Qf2 Kh8 27. Qd4
Nd7 28. h5 Bf6 29. Qxe5 Bxe5 30. Rd1 Nb6 31. Kc1 Na4 32. Rf1 f6 33. Kd2 Rc8 34.
Ke3 Nxc3 35. a3 Na4 36. Rfg1 Rc7 37. Kf3 Nc5 38. Kg4 Ne6 39. Kf5 Nd4+ 0-1

[Event "ODJM A 2015"]
[Site "Willingen GER"]
[Date "2015.05.28"]
[Round "7"]
[White "Riehle, Marco"]
[Black "Wenninger, Philipp"]
[Result "1-0"]
[Termination "normal"]
[Board "3"]
[WhiteElo "2062"]
[BlackElo "2268"]
[WhiteClock "01:08:57"]
[BlackClock "00:01:03"]
[PlyCount "65"]
[WhiteFideId "12904392"]
[BlackFideId "4648404"]
[EventCountry "GER"]
[EventRounds "9"]
[EventType "swiss"]
[EventDate "2015.05.23"]

1. e4 c6 2. c4 d5 3. exd5 cxd5 4. cxd5 Nf6 5. Qa4+ Nbd7 6. Nc3 g6 7. Nf3 Bg7 8.
Bc4 O-O 9. d3 a6 10. Qa3 b6 11. O-O Bb7 12. Re1 b5 13. Bb3 Re8 14. d6 e6 15.
Bd2 Bf8 16. Ne4 a5 17. Rac1 b4 18. Qa4 Nxe4 19. dxe4 Bxd6 20. Bg5 Be7 21. Rcd1
Bc8 22. Bf4 Bf6 23. Rd2 e5 24. Be3 Qe7 25. Rc1 Rd8 26. Rc7 Kg7 27. h3 h6 28.
Bc4 Qf8 29. Qc6 Rb8 30. Ba7 h5 31. Bxb8 Nxb8 32. Qxf6+ Kxf6 33. Rxd8 1-0

[Event "ODJM A 2015"]
[Site "Willingen GER"]
[Date "2015.05.28"]
[Round "7"]
[White "Balazs, Balint"]
[Black "Doberitz, Paul"]
[Result "1-0"]
[Termination "normal"]
[Board "4"]
[WhiteElo "2034"]
[BlackElo "2194"]
[WhiteClock "00:30:21"]
[BlackClock "00:23:24"]
[PlyCount "59"]
[WhiteFideId "12922757"]
[BlackFideId "24646130"]
[EventCountry "GER"]
[EventRounds "9"]
[EventType "swiss"]
[EventDate "2015.05.23"]

1. d4 Nf6 2. Nc3 g6 3. e4 d6 4. Bg5 Bg7 5. f3 O-O 6. Qd2 c6 7. O-O-O Qc7 8. Bh6
b5 9. h4 Nbd7 10. h5 b4 11. Nce2 Nb6 12. Bxg7 Kxg7 13. hxg6 fxg6 14. Qh6+ Kf7
15. Nh3 Bxh3 16. Rxh3 c5 17. d5 c4 18. Nd4 Rg8 19. Ne6 Qb7 20. g4 Qa6 21. Qxh7+
Nxh7 22. Rxh7+ Kf6 23. e5+ Kxe5 24. Re1+ Kxd5 25. Nc7+ Kc6 26. Nxa6 e5 27.
Nxb4+ Kb5 28. c3 Rgf8 29. Bg2 a5 30. Nc2 1-0

[Event "ODJM A 2015"]
[Site "Willingen GER"]
[Date "2015.05.28"]
[Round "7"]
[White "Oberhofer, Cédric"]
[Black "Koch, Yannick"]
[Result "1/2-1/2"]
[Termination "normal"]
[Board "6"]
[WhiteElo "2136"]
[BlackElo "1892"]
[WhiteClock "00:38:48"]
[BlackClock "00:48:24"]
[PlyCount "40"]
[WhiteFideId "12941220"]
[BlackFideId "24661678"]
[EventCountry "GER"]
[EventRounds "9"]
[EventType "swiss"]
[EventDate "2015.05.23"]

1. e4 e6 2. d4 d5 3. e5 c5 4. c3 Nc6 5. Nf3 Bd7 6. Be2 Nge7 7. O-O Rc8 8. Na3
cxd4 9. cxd4 Nf5 10. Nc2 Qb6 11. Bd3 Na5 12. b3 Bb5 13. Ne3 Bxd3 14. Qxd3 Nxe3
15. Bxe3 Be7 16. Rac1 O-O 17. Ng5 Bxg5 18. Bxg5 Nc6 19. Be3 Nb4 20. Qd2 Qb5
1/2-1/2

[Event "ODJM A 2015"]
[Site "Willingen GER"]
[Date "2015.05.28"]
[Round "7"]
[White "Leyrer, Thomas"]
[Black "Böhning, Kilian"]
[Result "0-1"]
[Termination "normal"]
[Board "7"]
[WhiteElo "1864"]
[BlackElo "2016"]
[WhiteClock "01:04:26"]
[BlackClock "01:08:42"]
[PlyCount "40"]
[WhiteFideId "12908274"]
[BlackFideId "1270499"]
[EventCountry "GER"]
[EventRounds "9"]
[EventType "swiss"]
[EventDate "2015.05.23"]

1. d4 f5 2. g3 g6 3. Bg2 Bg7 4. Nf3 Nf6 5. O-O O-O 6. Re1 d6 7. Nbd2 Nh5 8. e4
f4 9. e5 d5 10. c4 c6 11. Qb3 Na6 12. g4 Bxg4 13. Qxb7 Qc8 14. Qxe7 Re8 15. Qa3
Nc7 16. cxd5 cxd5 17. Nb3 Bh3 18. Nc5 Qg4 19. Nh4 Bxg2 20. Bxf4 Qxh4 0-1

[Event "ODJM A 2015"]
[Site "Willingen GER"]
[Date "2015.05.28"]
[Round "7"]
[White "Quante, Lennart"]
[Black "Schnabel, Bennett"]
[Result "1-0"]
[Termination "normal"]
[Board "8"]
[WhiteElo "2092"]
[BlackElo "1864"]
[WhiteClock "00:38:56"]
[BlackClock "00:05:21"]
[PlyCount "69"]
[WhiteFideId "12979627"]
[BlackFideId "12943290"]
[EventCountry "GER"]
[EventRounds "9"]
[EventType "swiss"]
[EventDate "2015.05.23"]

1. d4 f5 2. c4 Nf6 3. Nc3 g6 4. h4 Bg7 5. h5 Nxh5 6. e4 Nf6 7. exf5 gxf5 8. Bg5
e6 9. Nh3 d6 10. Nf4 O-O 11. Bd3 Qe8 12. Qc2 Nc6 13. O-O-O Nxd4 14. Qd2 e5 15.
Nfd5 Qf7 16. g4 Nf3 17. Bxf6 Nxd2 18. Ne7+ Qxe7 19. Bxe7 Rf7 20. Kxd2 Rxe7 21.
gxf5 Rf7 22. Rh5 Bd7 23. Rg1 Bc6 24. b4 b6 25. b5 Bb7 26. Ne4 Kf8 27. Ng5 Ke7
28. Nxf7 Kxf7 29. Rxh7 Rg8 30. Ke3 Kf8 31. Rg6 Kf7 32. Be4 Bxe4 33. Kxe4 Kf8
34. Kd5 Kf7 35. f3 1-0

[Event "ODJM A 2015"]
[Site "Willingen GER"]
[Date "2015.05.28"]
[Round "7"]
[White "Reisberg, Andre"]
[Black "Schmider, Niklas"]
[Result "1/2-1/2"]
[Termination "normal"]
[Board "9"]
[WhiteElo "1977"]
[BlackElo "2014"]
[PlyCount "117"]
[WhiteFideId "1270630"]
[BlackFideId "12993778"]
[EventCountry "GER"]
[EventRounds "9"]
[EventType "swiss"]
[EventDate "2015.05.23"]

1. d4 Nf6 2. c4 c5 3. d5 e6 4. Nc3 exd5 5. cxd5 d6 6. Bf4 g6 7. e3 Bg7 8. Nf3
O-O 9. h3 Re8 10. Nd2 Na6 11. Bc4 Qe7 12. O-O Bd7 13. Bxa6 bxa6 14. a4 Reb8 15.
Nc4 Ne8 16. Qe2 f5 17. Rfe1 Rb4 18. e4 g5 19. Bd2 f4 20. e5 dxe5 21. Ne4 Rxa4
22. Rxa4 Bxa4 23. d6 Qf7 24. Nxg5 Qd5 25. d7 Bxd7 26. Qe4 Qxe4 27. Rxe4 h6 28.
Nf3 Bc6 29. Re1 Bxf3 30. gxf3 Nc7 31. Nxe5 Nd5 32. Re4 Rb8 33. Bc1 Rb4 34. Nd3
Rd4 35. Rxd4 Bxd4 36. b3 Kg7 37. Nxf4 Nxf4 38. Bxf4 a5 39. Bc1 Kg6 40. Kf1 h5
41. Ke2 Kf5 42. Be3 Ke5 43. Kd3 a6 44. Kc4 h4 45. Kd3 Kf5 46. f4 Bf6 47. Bxc5
Kxf4 48. Ke2 Bd8 49. Be3+ Ke4 50. f3+ Ke5 51. Kd3 Kf5 52. Bd2 Ke5 53. f4+ Kf5
54. Ke3 Bb6+ 55. Kf3 Bc7 56. Be3 Bd6 57. Bf2 Be7 58. Bb6 Bb4 59. Bd8 1/2-1/2

[Event "ODJM A 2015"]
[Site "Willingen GER"]
[Date "2015.05.28"]
[Round "7"]
[White "Terhuven, Patrick"]
[Black "Falke, Isaak"]
[Result "1/2-1/2"]
[Termination "normal"]
[Board "10"]
[WhiteElo "2028"]
[BlackElo "2020"]
[PlyCount "79"]
[WhiteFideId "12919098"]
[BlackFideId "24614483"]
[EventCountry "GER"]
[EventRounds "9"]
[EventType "swiss"]
[EventDate "2015.05.23"]

1. d4 d5 2. Nf3 Nf6 3. c4 c6 4. cxd5 cxd5 5. Nc3 Nc6 6. Bf4 Bf5 7. e3 e6 8. Qb3
Bb4 9. Bb5 Qa5 10. O-O O-O 11. Bxc6 bxc6 12. Bc7 Qxc7 13. Qxb4 Rab8 14. Qa3 Nd7
15. Rac1 Nb6 16. b3 Qb7 17. Na4 Nxa4 18. Qxa4 Bd3 19. Rfe1 Rfc8 20. Rc5 Rc7 21.
Rec1 Rbc8 22. Qa5 Be2 23. Ne1 Bh5 24. Nd3 f6 25. Qc3 Bg6 26. Nb2 Be8 27. Na4
Qa6 28. Qd2 Kf7 29. Ra5 Qb7 30. Nc5 Qb6 31. b4 Ke7 32. a3 Kf7 33. Qe2 Re7 34.
Qg4 Qb8 35. h4 Qd6 36. Nd3 Ra8 37. Ra6 Rb8 38. f4 Rb6 39. Ra5 Rb5 40. Rxb5
1/2-1/2

[Event "ODJM A 2015"]
[Site "Willingen GER"]
[Date "2015.05.28"]
[Round "7"]
[White "Borchert, René"]
[Black "Gauchel, Lorenz"]
[Result "1-0"]
[Termination "normal"]
[Board "11"]
[WhiteElo "1979"]
[BlackElo "1748"]
[PlyCount "65"]
[WhiteFideId "12990671"]
[BlackFideId "12905283"]
[EventCountry "GER"]
[EventRounds "9"]
[EventType "swiss"]
[EventDate "2015.05.23"]

1. e4 Nf6 2. e5 Nd5 3. d4 d6 4. c4 Nb6 5. exd6 exd6 6. Be3 Nc6 7. Nf3 Bg4 8.
Nbd2 Be7 9. Be2 d5 10. c5 Nc8 11. Qb3 Na5 12. Qb5+ c6 13. Qd3 b6 14. b4 Nb7 15.
Qa6 Qc7 16. Bf4 Qxf4 17. Qxb7 Rb8 18. Qxc6+ Bd7 19. Qxd5 bxc5 20. bxc5 Rb2 21.
g3 Qh6 22. Bc4 Rf8 23. Bb3 Bc6 24. Qf5 Rxd2 25. Qxc8+ Bd8 26. Nxd2 Bxh1 27.
O-O-O Ke7 28. Re1+ Kf6 29. Qa6+ Kg5 30. h4+ Kg4 31. Bd1+ Kh3 32. Rxh1+ Kg2 33.
Qf1# 1-0

[Event "ODJM A 2015"]
[Site "Willingen GER"]
[Date "2015.05.28"]
[Round "7"]
[White "Bösel, Alexander"]
[Black "Tiedemann, Fin Niklas"]
[Result "1-0"]
[Termination "normal"]
[Board "12"]
[WhiteElo "1992"]
[BlackElo "1774"]
[PlyCount "77"]
[WhiteFideId "4623185"]
[BlackFideId "12936936"]
[EventCountry "GER"]
[EventRounds "9"]
[EventType "swiss"]
[EventDate "2015.05.23"]

1. d4 Nf6 2. c4 g6 3. Nc3 Bg7 4. e4 d6 5. h3 O-O 6. Bg5 Nbd7 7. Bd3 c5 8. d5
Re8 9. Nf3 Nf8 10. Qd2 e6 11. Kf1 Qa5 12. g3 exd5 13. exd5 Bd7 14. Kg2 Qc7 15.
Rae1 Rxe1 16. Rxe1 Qc8 17. Rh1 h5 18. Qf4 Qd8 19. Ne4 N8h7 20. Nxd6 Nxg5 21.
Nxg5 Be8 22. Re1 Qd7 23. b3 Rd8 24. Nde4 Nxe4 25. Nxe4 Qe7 26. Re2 b6 27. h4
Bd7 28. Ng5 Qf8 29. Qc7 Bh6 30. Ne4 f5 31. Ng5 Bxg5 32. hxg5 Kh8 33. d6 h4 34.
Re7 h3+ 35. Kh2 f4 36. Rxd7 fxg3+ 37. Kxg3 Rc8 38. Rf7 Qg8 39. Qe7 1-0

[Event "ODJM A 2015"]
[Site "Willingen GER"]
[Date "2015.05.28"]
[Round "7"]
[White "Leonard, Timo"]
[Black "Hirtreiter, Pierre"]
[Result "0-1"]
[Termination "normal"]
[Board "13"]
[WhiteElo "1528"]
[BlackElo "2027"]
[PlyCount "66"]
[WhiteFideId "16208757"]
[BlackFideId "12966312"]
[EventCountry "GER"]
[EventRounds "9"]
[EventType "swiss"]
[EventDate "2015.05.23"]

1. e4 c5 2. c3 d5 3. exd5 Nf6 4. d4 cxd4 5. cxd4 Nxd5 6. Nc3 g6 7. Qb3 Nb6 8.
Bb5+ Bd7 9. Bxd7+ Qxd7 10. Nf3 Nc6 11. Be3 Bg7 12. Rd1 O-O 13. O-O Na5 14. Qb5
Qxb5 15. Nxb5 Nd5 16. Nc3 Rfd8 17. Rc1 Nc6 18. Ne4 Ndb4 19. Rc4 b5 20. Rc5 Bxd4
21. Nxd4 Nxd4 22. Bxd4 Rxd4 23. Nc3 a6 24. a3 Nd3 25. Rc7 Nxb2 26. Rxe7 Nc4 27.
a4 bxa4 28. h3 a3 29. Rb1 Rd3 30. Na2 Rd2 31. Nc3 Rc2 32. Na4 a2 33. Ra1 Rb8
0-1

[Event "ODJM A 2015"]
[Site "Willingen GER"]
[Date "2015.05.28"]
[Round "7"]
[White "Heldt, Nils-Lennart"]
[Black "Becker, Robin"]
[Result "1/2-1/2"]
[Termination "normal"]
[Board "14"]
[WhiteElo "1844"]
[BlackElo "1958"]
[PlyCount "50"]
[WhiteFideId "12952109"]
[BlackFideId "12955698"]
[EventCountry "GER"]
[EventRounds "9"]
[EventType "swiss"]
[EventDate "2015.05.23"]

1. d4 Nf6 2. c4 a6 3. Nc3 c5 4. d5 b5 5. cxb5 axb5 6. Nxb5 Qa5+ 7. Nc3 Bb7 8.
Bd2 Qb6 9. e4 e6 10. dxe6 fxe6 11. Bd3 Nc6 12. Nf3 Nb4 13. Bc2 Qa6 14. Bg5 Be7
15. Ne5 d6 16. Ba4+ Kf8 17. Bb5 Qa7 18. Bxf6 gxf6 19. Nd7+ Kf7 20. Qh5+ Kg7 21.
Qg4+ Kf7 22. Qh5+ Kg7 23. Bc4 Nc2+ 24. Kd1 Nd4 25. Qg4+ Kf7 1/2-1/2

[Event "ODJM A 2015"]
[Site "Willingen GER"]
[Date "2015.05.28"]
[Round "7"]
[White "Lüßmann, Thomas"]
[Black "Stemmler, Fabian"]
[Result "1/2-1/2"]
[Termination "normal"]
[Board "15"]
[WhiteElo "1911"]
[BlackElo "1940"]
[PlyCount "41"]
[WhiteFideId "1270602"]
[BlackFideId "12964808"]
[EventCountry "GER"]
[EventRounds "9"]
[EventType "swiss"]
[EventDate "2015.05.23"]

1. d4 g6 2. e4 Bg7 3. Nc3 d6 4. Be3 c6 5. Qd2 b5 6. Bd3 Nd7 7. Nf3 a6 8. O-O
Ngf6 9. Bh6 O-O 10. Bxg7 Kxg7 11. Rfe1 e5 12. dxe5 dxe5 13. a4 b4 14. Nd1 a5
15. Ne3 Qe7 16. Nc4 Ba6 17. Qe2 Bxc4 18. Bxc4 h6 19. Nd2 Rfd8 20. Rad1 Nb6 21.
Bb3 1/2-1/2

[Event "ODJM A 2015"]
[Site "Willingen GER"]
[Date "2015.05.28"]
[Round "7"]
[White "Erofeev, Anastasia"]
[Black "Thumm, Felix"]
[Result "1-0"]
[Termination "normal"]
[Board "16"]
[WhiteElo "1897"]
[BlackElo "1802"]
[PlyCount "67"]
[WhiteFideId "12917915"]
[BlackFideId "12902209"]
[EventCountry "GER"]
[EventRounds "9"]
[EventType "swiss"]
[EventDate "2015.05.23"]

1. e4 c5 2. Nf3 e6 3. d4 cxd4 4. Nxd4 a6 5. Nc3 Qc7 6. Be2 b5 7. O-O Bb7 8. Bf3
Nc6 9. Nxc6 Bxc6 10. a3 Nf6 11. Re1 Qb7 12. Nd5 Be7 13. Nxe7 Kxe7 14. Bg5 h6
15. Bh4 g5 16. Bg3 Rhg8 17. Qd4 d5 18. Rad1 Rad8 19. Be5 Rg6 20. Bxf6+ Rxf6 21.
exd5 Bxd5 22. Bxd5 Qd7 23. Qc5+ Qd6 24. Qxd6+ Rxd6 25. Bb7 Rb6 26. Be4 b4 27.
axb4 Rxb4 28. b3 Rf4 29. f3 h5 30. Ra1 Rb6 31. Bd3 g4 32. fxg4 hxg4 33. Rxa6
Rb8 34. Re4 1-0

[Event "ODJM A 2015"]
[Site "Willingen GER"]
[Date "2015.05.28"]
[Round "7"]
[White "Dittrich, Tom"]
[Black "Boes, Julian"]
[Result "0-1"]
[Termination "normal"]
[Board "17"]
[WhiteElo "1762"]
[BlackElo "1936"]
[PlyCount "80"]
[WhiteFideId "12923532"]
[BlackFideId "12907723"]
[EventCountry "GER"]
[EventRounds "9"]
[EventType "swiss"]
[EventDate "2015.05.23"]

1. e4 e6 2. d4 d5 3. Nc3 dxe4 4. Nxe4 Nd7 5. Nf3 Ngf6 6. Nxf6+ Nxf6 7. g3 b6 8.
Bg2 Bb7 9. O-O c5 10. Re1 cxd4 11. Qxd4 Qxd4 12. Nxd4 Bxg2 13. Kxg2 Bc5 14. Nb3
Be7 15. Be3 O-O-O 16. Rad1 Kb7 17. c3 h5 18. Bg5 Rhe8 19. h3 Nd5 20. Bxe7 Nxe7
21. Nd4 Rd7 22. Nf3 Rd5 23. Rxd5 Nxd5 24. c4 Nb4 25. a3 Nd3 26. Re2 Rd8 27. Ng5
Rd7 28. Kf3 Kc6 29. b4 a5 30. Ke3 axb4 31. Nxf7 bxa3 32. Ng5 Nc5 33. Ra2 Rd3+
34. Ke2 Rb3 35. Kd1 b5 36. cxb5+ Kxb5 37. Kc2 Kb4 38. h4 Rc3+ 39. Kb1 Kb3 40.
Re2 Nd3 0-1

[Event "ODJM A 2015"]
[Site "Willingen GER"]
[Date "2015.05.28"]
[Round "7"]
[White "Longo, Claudio"]
[Black "Hartmann, Jakob"]
[Result "0-1"]
[Termination "normal"]
[Board "18"]
[WhiteElo "2013"]
[BlackElo "1914"]
[PlyCount "72"]
[WhiteFideId "12994766"]
[BlackFideId "12918067"]
[EventCountry "GER"]
[EventRounds "9"]
[EventType "swiss"]
[EventDate "2015.05.23"]

1. d4 Nf6 2. Nf3 g6 3. c4 Bg7 4. Nc3 O-O 5. Bf4 d6 6. h3 c5 7. dxc5 dxc5 8.
Qxd8 Rxd8 9. e3 Nc6 10. Be2 Bf5 11. g4 Nb4 12. O-O Bd3 13. Rae1 Ne4 14. Bxd3
Nxc3 15. Bxg6 hxg6 16. bxc3 Nxa2 17. Kg2 Nxc3 18. Be5 Bxe5 19. Nxe5 a6 20. h4
b5 21. h5 gxh5 22. gxh5 b4 23. Rh1 a5 24. Kf3 Kh7 25. Reg1 Rg8 26. h6 Rxg1 27.
Rxg1 Rg8 28. Rh1 a4 29. Nd7 b3 30. Rc1 b2 31. Rxc3 b1=Q 32. e4 Qb3 33. Rxb3
axb3 34. Kf4 b2 35. Kf5 b1=Q 36. f4 Qb7 0-1

[Event "ODJM A 2015"]
[Site "Willingen GER"]
[Date "2015.05.28"]
[Round "7"]
[White "Buhr, Patrick"]
[Black "Berger, Nadja"]
[Result "1-0"]
[Termination "normal"]
[Board "19"]
[WhiteElo "1769"]
[BlackElo "1808"]
[PlyCount "151"]
[WhiteFideId "16206436"]
[BlackFideId "24692212"]
[EventCountry "GER"]
[EventRounds "9"]
[EventType "swiss"]
[EventDate "2015.05.23"]

1. c4 c5 2. g3 Nc6 3. Bg2 g6 4. Nc3 Bg7 5. Nf3 Nf6 6. O-O O-O 7. a3 d5 8. cxd5
Nxd5 9. Qc2 Rb8 10. d3 b6 11. Nxd5 Qxd5 12. Bf4 Bb7 13. Bxb8 Nd4 14. Qd1 Rxb8
15. Rb1 h5 16. Nh4 Qe6 17. Bxb7 Nxe2+ 18. Kh1 Rxb7 19. Re1 Qd5+ 20. Ng2 Nd4 21.
Re3 Nf5 22. Re4 Rd7 23. Nf4 Qc6 24. Kg1 Nd4 25. Nh3 f5 26. Re3 Bh6 27. f4 e5
28. Qf1 Qd5 29. Qg2 Qb3 30. Rxe5 Qxd3 31. Rf1 Kh7 32. Re8 Qc4 33. Rfe1 Qf7 34.
Qa8 Kg7 35. Ng5 Bxg5 36. fxg5 Nc2 37. R1e6 Nd4 38. Rg8+ Qxg8 39. Rxg6+ Kxg6 40.
Qxg8+ Rg7 41. Qe8+ Kxg5 42. h4+ Kh6 43. Kf2 Rg4 44. Qf8+ Kg6 45. Qd6+ Kh7 46.
Qe7+ Rg7 47. Qe8 Kh6 48. Qd8 Kh7 49. b4 cxb4 50. Qxd4 bxa3 51. Qa4 Rf7 52. Qxa3
Kg8 53. Qf3 f4 54. Qxh5 fxg3+ 55. Kxg3 Rg7+ 56. Kh3 Rh7 57. Qe8+ Kg7 58. h5 a5
59. Qg6+ Kh8 60. Qxb6 Rxh5+ 61. Kg4 Rh7 62. Qxa5 Rf7 63. Kg5 Kg7 64. Qb6 Kf8
65. Qe6 Re7 66. Qf6+ Ke8 67. Qc6+ Kd8 68. Kf6 Rc7 69. Qe6 Rb7 70. Qd6+ Kc8 71.
Ke5 Rd7 72. Qb6 Rb7 73. Qc6+ Rc7 74. Qe8+ Kb7 75. Kd6 Kb6 76. Qd8 1-0

[Event "ODJM A 2015"]
[Site "Willingen GER"]
[Date "2015.05.28"]
[Round "7"]
[White "Lai Hop, Long"]
[Black "Hoppe, Andreas"]
[Result "0-1"]
[Termination "normal"]
[Board "20"]
[WhiteElo "1885"]
[BlackElo "1767"]
[PlyCount "54"]
[WhiteFideId "12942707"]
[BlackFideId "12922811"]
[EventCountry "GER"]
[EventRounds "9"]
[EventType "swiss"]
[EventDate "2015.05.23"]

1. d4 d5 2. c4 e6 3. Nf3 f5 4. g3 Nf6 5. Bg2 Bd6 6. O-O c6 7. Qc2 O-O 8. Nc3
Ne4 9. Rd1 Nd7 10. c5 Bc7 11. Bf4 Bxf4 12. gxf4 Kh8 13. Qc1 Rg8 14. a3 g5 15.
Nxe4 fxe4 16. Nxg5 Qf6 17. Qe3 Qg6 18. Qg3 Nf6 19. h4 h6 20. Nh3 Qh5 21. Qe3
Qxh4 22. Rf1 e5 23. Kh1 exd4 24. Qb3 a6 25. Kh2 Rxg2+ 26. Kxg2 Bxh3+ 27. Kh2
Bf5+ 0-1

[Event "ODJM A 2015"]
[Site "Willingen GER"]
[Date "2015.05.28"]
[Round "7"]
[White "Steffens, Oliver"]
[Black "Scheinhütte, Jakob"]
[Result "0-1"]
[Termination "normal"]
[Board "21"]
[WhiteElo "1665"]
[BlackElo "1789"]
[PlyCount "44"]
[WhiteFideId "12947148"]
[BlackFideId "24693944"]
[EventCountry "GER"]
[EventRounds "9"]
[EventType "swiss"]
[EventDate "2015.05.23"]

1. e4 e6 2. d3 d5 3. Nd2 Nf6 4. Ngf3 c5 5. g3 Nc6 6. Bg2 Be7 7. O-O O-O 8. c3
Qc7 9. Qc2 b6 10. h3 Bb7 11. Nh4 Rfd8 12. Rd1 Rd7 13. f4 Rad8 14. e5 Nh5 15.
Nf1 Nxg3 16. Nxg3 Bxh4 17. Nh5 Ne7 18. Qe2 Nf5 19. Qg4 Kh8 20. Nxg7 Rg8 21.
Nxe6 fxe6 22. Qe2 d4 0-1

[Event "ODJM A 2015"]
[Site "Willingen GER"]
[Date "2015.05.28"]
[Round "7"]
[White "Wachinger, David"]
[Black "Denkert, Robert"]
[Result "1-0"]
[Termination "normal"]
[Board "22"]
[WhiteElo "1901"]
[BlackElo "1737"]
[PlyCount "135"]
[WhiteFideId "24692689"]
[BlackFideId "12957216"]
[EventCountry "GER"]
[EventRounds "9"]
[EventType "swiss"]
[EventDate "2015.05.23"]

1. d4 Nf6 2. c4 c5 3. d5 b5 4. cxb5 a6 5. bxa6 Bxa6 6. Nc3 d6 7. Nf3 g6 8. g3
Bg7 9. Bg2 O-O 10. O-O Qb6 11. Qc2 Nbd7 12. Rd1 Ng4 13. h3 Nge5 14. Rb1 Qb4 15.
Nxe5 Nxe5 16. a3 Qa5 17. Bg5 Rfe8 18. b4 cxb4 19. axb4 Qc7 20. b5 Nd7 21. bxa6
Qxc3 22. Qxc3 Bxc3 23. Rb7 Nc5 24. Rxe7 Nxa6 25. Rc1 Be5 26. Rxe8+ Rxe8 27. Rc6
Nb4 28. Rc7 Kg7 29. Rd7 Ra8 30. Be7 Ra2 31. Bxd6 Bxd6 32. Rxd6 Rxe2 33. Rb6 Nd3
34. Bf1 Re1 35. Rb3 Nc5 36. Rc3 Nd7 37. Kg2 Rd1 38. Rd3 Ra1 39. Rd2 Kf6 40. Bb5
Ke7 41. Kf3 Kd6 42. Kf4 f6 43. Rb2 Ne5 44. Rd2 Rb1 45. Be2 Rb4+ 46. Ke3 Nc4+
47. Bxc4 Rxc4 48. Rd4 Rc5 49. Ke4 h6 50. h4 Rc1 51. h5 gxh5 52. Kf5 Rc2 53. Rf4
Kxd5 54. Kxf6 Rc6+ 55. Kf5 Rd6 56. Rh4 Kc6 57. Rxh5 Kd7 58. Kg4 Ke7 59. Rf5
Rd4+ 60. Kh5 Rd6 61. g4 Ra6 62. f4 Rb6 63. Ra5 Kf7 64. f5 Kg7 65. Ra7+ Kg8 66.
Re7 Rb4 67. Re6 Kg7 68. Rg6+ 1-0

[Event "ODJM A 2015"]
[Site "Willingen GER"]
[Date "2015.05.28"]
[Round "7"]
[White "Pysarenko, Kyrill"]
[Black "Hesse, Henrik"]
[Result "1/2-1/2"]
[Termination "normal"]
[Board "23"]
[WhiteElo "1482"]
[BlackElo "1816"]
[PlyCount "82"]
[WhiteFideId "12974250"]
[BlackFideId "12952060"]
[EventCountry "GER"]
[EventRounds "9"]
[EventType "swiss"]
[EventDate "2015.05.23"]

1. d4 d5 2. Nf3 c5 3. c3 Nc6 4. Bf4 Nf6 5. h3 Qb6 6. Bc1 cxd4 7. cxd4 Bf5 8.
Nc3 e6 9. a3 Be7 10. e3 O-O 11. Be2 Ne4 12. Nxe4 Bxe4 13. O-O Na5 14. b4 Nc4
15. Nd2 Nxd2 16. Bxd2 Rfc8 17. Rc1 a5 18. Qb3 axb4 19. Bxb4 Bxb4 20. Qxb4 Qxb4
21. axb4 h6 22. Rfe1 Kf8 23. Kf1 Ke7 24. b5 b6 25. Ra1 Kd7 26. Rxa8 Rxa8 27.
Rc1 Rb8 28. f3 Bg6 29. Kf2 Rb7 30. Kg3 f6 31. Kf4 Rc7 32. Rxc7+ Kxc7 33. e4 Kd6
34. Bf1 e5+ 35. Ke3 f5 36. dxe5+ Kxe5 37. f4+ Kd6 38. exf5 Bxf5 39. Kd4 Be4 40.
g4 Ke6 41. Be2 Kf6 1/2-1/2

[Event "ODJM A 2015"]
[Site "Willingen GER"]
[Date "2015.05.28"]
[Round "7"]
[White "Döpper, Anna Bérénice"]
[Black "Torzinski, Nils"]
[Result "0-1"]
[Termination "normal"]
[Board "24"]
[WhiteElo "1600"]
[BlackElo "1859"]
[PlyCount "52"]
[WhiteFideId "1271853"]
[BlackFideId "24695840"]
[EventCountry "GER"]
[EventRounds "9"]
[EventType "swiss"]
[EventDate "2015.05.23"]

1. e4 e5 2. d4 exd4 3. Nf3 Nc6 4. Bc4 Nf6 5. O-O Nxe4 6. Re1 d5 7. Bxd5 Qxd5 8.
Nc3 Qa5 9. Nxe4 Be6 10. Neg5 O-O-O 11. Nxe6 fxe6 12. Rxe6 Be7 13. Qe1 Qc5 14.
Ne5 Bd6 15. Nxc6 bxc6 16. Qe2 Rhf8 17. Qg4 Kb7 18. Re2 h6 19. Bd2 g5 20. Rae1
Qxc2 21. Bxg5 Qf5 22. Qh3 hxg5 23. Qb3+ Kc8 24. Qa4 d3 25. Re6 d2 26. Qa6+ Kb8
0-1

[Event "ODJM A 2015"]
[Site "Willingen GER"]
[Date "2015.05.28"]
[Round "7"]
[White "Borchert, Louis"]
[Black "Recktenwald, Cedric"]
[Result "1/2-1/2"]
[Termination "normal"]
[Board "25"]
[WhiteElo "1829"]
[BlackElo "1492"]
[PlyCount "86"]
[WhiteFideId "12990680"]
[BlackFideId "12971928"]
[EventCountry "GER"]
[EventRounds "9"]
[EventType "swiss"]
[EventDate "2015.05.23"]

1. e4 e6 2. Nc3 d5 3. Nf3 Nf6 4. e5 Nfd7 5. d4 c5 6. dxc5 Nc6 7. Bf4 Bxc5 8.
Bd3 f6 9. Qe2 fxe5 10. Bxe5 Ndxe5 11. Nxe5 Nxe5 12. Qxe5 O-O 13. O-O-O Qf6 14.
Qxf6 Rxf6 15. f3 Bd7 16. Rhe1 a6 17. Be2 Bb4 18. Rd4 Bxc3 19. bxc3 Rc8 20. c4
Bc6 21. Bd3 b5 22. cxb5 Bxb5 23. Bxb5 axb5 24. Rb4 Rc5 25. Kd2 Rg6 26. g3 Rf6
27. f4 Rh6 28. Re2 Kf7 29. Kd3 Ke7 30. f5 Kd6 31. fxe6 Rxe6 32. Rxe6+ Kxe6 33.
c3 Kd6 34. Rg4 Rc7 35. Rh4 g6 36. a4 bxa4 37. Rxa4 Ke5 38. Ra5 Kd6 39. Ra8 Ke5
40. Rd8 Ke6 41. Re8+ Kd6 42. Rb8 Rf7 43. Re8 Rc7 1/2-1/2